Снижение энергозатрат на нефтеперерабатывающих заводах

Bibliographische Detailangaben
1. Verfasser: Багиров И. Т. Исмаил Тагиевич
Weitere Verfasser: Кардаш И. М. Ита Мордуховна
Sprache:Russisch
Veröffentlicht: Москва, Химия, 1972
Ausgabe:2-е изд., перераб. и доп.
Schlagworte:
Format: MixedMaterials Buch
KOHA link:https://koha.lib.tpu.ru/cgi-bin/koha/opac-detail.pl?biblionumber=107570

MARC

LEADER 00000nam0a2200000 4500
001 107570
005 20231031115327.0
035 |a (RuTPU)RU\TPU\book\116131 
090 |a 107570 
100 |a 20061226d1972 m y0rusy50 ca 
101 0 |a rus 
102 |a RU 
105 |a a z 001zy 
200 1 |a Снижение энергозатрат на нефтеперерабатывающих заводах  |f И. Т. Багиров, И. М. Кардаш 
205 |a 2-е изд., перераб. и доп. 
210 |a Москва  |c Химия  |d 1972 
215 |a 143 с.  |c ил. 
320 |a Библиогр.: с. 142-143. 
610 1 |a нефтеперерабатывающие заводы 
610 1 |a энергетические ресурсы 
610 1 |a использование 
610 1 |a потребление 
610 1 |a технологические процессы 
610 1 |a комбинирование 
675 |a 665.52:658  |v 3 
700 1 |a Багиров  |b И. Т.  |g Исмаил Тагиевич 
701 1 |a Кардаш  |b И. М.  |g Ита Мордуховна 
801 1 |a RU  |b 63413507  |c 20061226  |g PSBO 
801 2 |a RU  |b 63413507  |c 20120222  |g PSBO 
942 |c BK